000 00615nam a22002057a 4500
003 OSt
005 20160530183721.0
008 160530b xxu||||| |||| 00| 0 eng d
020 _a0443071292
040 _cDLMN.
082 _aQV 704A87r 2003
100 _aEdited by Finch,G.Roger;[et.....al]
_99122
245 _aAntibiotic and Chemotherapy.
_bAnti-infective agents and their use in therapy.
250 _a8th ed.
260 _aLondon.
_bChurchill,Livingstone.
_c2003.
300 _axii,964p;
_bill;
_c28cm.
504 _aReferences and index are included.
650 _aPharmacology.
_9357
942 _2z
_cO_SHELF
999 _c4233
_d4233